00681cam a2200241 4500001001300000003000400013005001700017008004100034010002200075025002000097040001800117050001600135082001200151100002900163245001800192250001400210260004000224300002400264350001000288500009100298504003200389650001800421sa 68012146 DLC20260227112607.0691024s1968 ii b 001 0 eng  asa 68012146 //r92 aPL480:I-E-10622 aDLCcDLCdDLC00aBJ1290b.B500a294.4/510aBhārgava, Dayānanda.10aJaina ethics. a[1st ed.]0 aDelhi,bMotilal Banarsidassc[1968] axvi, 296 p.c23 cm. a20.00 a"A thesis approved for the degree of Doctor of Philosophy by the University of Delhi." aBibliography: p. [256]-265. 0aJaina ethics.